Central Library OPAC University of Rajshahi

গণতান্ত্রিক শাহন ব্যবস্থার সংকট / (Record no. 39667)

MARC details
000 -LEADER
fixed length control field 01020nam a2200229 a 4500
001 - CONTROL NUMBER
control field 39667
003 - CONTROL NUMBER IDENTIFIER
rucl marc code BD-RjUL
005 - DATE AND TIME OF LATEST TRANSACTION
control field 20211209053034.0
008 - FIXED-LENGTH DATA ELEMENTS--GENERAL INFORMATION
fixed length control field 160416r20151996bg a||| |||| 00| 0 ben d
020 ## - INTERNATIONAL STANDARD BOOK NUMBER
Terms of availability : Tk. 140.00
035 ## - SYSTEM CONTROL NUMBER
System control number (BD-RjUL)39780
040 ## - CATALOGING SOURCE
Original cataloging agency BD-RjUL
Language of cataloging ben
Transcribing agency BD-RjUL
041 ## - LANGUAGE CODE
Language code of text/sound track or separate title ben
082 ## - DEWEY DECIMAL CLASSIFICATION NUMBER
Edition number 23
Classification number 320.95492
Author mark and year HOG 2015
100 ## - MAIN ENTRY--PERSONAL NAME
Personal name হোসেন, সৈয়দ আবুল
9 (RLIN) 122167
245 10 - TITLE STATEMENT
Title গণতান্ত্রিক শাহন ব্যবস্থার সংকট /
Statement of responsibility, etc. সৈয়দ আবুল হোসেন
260 ## - PUBLICATION, DISTRIBUTION, ETC. (IMPRINT)
Place of publication, distribution, etc. ঢাকা :
Name of publisher, distributor, etc. মো : আব্দুল কাদের,
Date of publication, distribution, etc. ১৯৯৬,[পুনর্মুদ্রণ ২০১৫].
300 ## - PHYSICAL DESCRIPTION
Pagination ১৫৬ পৃ. :
Illustrations চিত্র. ;
Size ২০ সেমি.
650 ## - SUBJECT ADDED ENTRY--TOPICAL TERM
Topical term or geographic name as entry element রাষ্ট্রবিজ্ঞান
General subdivision অবস্থা ও পরিস্থিতি
Geographic subdivision বাংলাদেশ
9 (RLIN) 122176
Topical term or geographic name as entry element Political Science
General subdivision Situation & Condition
Geographic subdivision Bangladesh
9 (RLIN) 122169
942 ## - ADDED ENTRY ELEMENTS (KOHA)
Source of classification or shelving scheme Dewey Decimal Classification
Koha item type Books
Holdings
Lost status Source of classification or shelving scheme Damaged status Not for loan Collection code Permanent Location Current Location Shelving location Date acquired Source of acquisition Cost, normal purchase price Total Checkouts Full call number Date last seen Copy number Koha item type
  Dewey Decimal Classification   Not For Loan Non-fiction Central Library, University of Rajshahi Central Library, University of Rajshahi Reading Room 11/02/2016 RUCL 140.00   B 320.95492 HOG 2015 16/04/2016 C-1 Books